LEADER 00851nam a2200229 i 4500 001 000000163251 003 CaOOAMICUS 005 20070723000000.0 008 070723s1965 it u000 u ita u 013 $a140615 040 $aSeMil$bita 100 1 $aBricchi, Pasquale <1927-1999>.$0(OLS)http://semarc/name/18492 245 10$aCase sulla rena /$cPasquale Bricchi. 260 $aMilano :$bL'ariete,$c1965. 300 $a134 p. ;$c22 cm. 500 $aIn mezzo al front. : Segnalato al Concorso Nazionale L'Ariete d'Oro 1965. - Fondo card. Giovanni Colombo. 850 $aSeMil 852 $aSeMil$W1$xVenegono$y1$m1A III 68$j246069$B114549$CSeMilBibl$Z2$F125366 $81 941 1 $a3 961 $aRecupero: Altro 996 $6245$aCase sulla rena$9(OLS)http://semarc/title/232882 996 $6260$aMilano :$bL'ariete$9(OLS)http://semarc/publisher/55782 LEADER 00856nam a2200241 i 4500 001 000000225212 003 CaOOAMICUS 005 20131126000000.0 008 131126s1974 it u000 u ita u 013 $a204113 040 $aSeMil$bita 100 1 $aBrancati, Vitaliano <1907-1954>.$0(OLS)http://semarc/name/28007 245 10$aPaolo il caldo /$cVitaliano Brancati. 250 $a11. ed. 260 $aMilano :$bBompiani,$c1974. 300 $a301 p. ;$c21 cm. 490 0 $aI delfini. Nuova serie ;$v5 830 2$aI delfini. Nuova serie ;$v5.$0(OLS)http://semarc/title/39652 850 $aSeMil 852 $aSeMil$W1$xVenegono$y1$m1A II 22$j175558$B175558$CSeMilBibl$Z2$F187563 $81 961 $aOmaggio: Altro 996 $6245$aPaolo il caldo$9(OLS)http://semarc/title/322617 996 $6260$aMilano :$bBompiani$9(OLS)http://semarc/publisher/29706